La lingua italiana e gli errori piú comuni nell´uso parlato e scritto
Problém správneho používania talianskeho jazyka. Problém nie je vyvolaný len technologickým progresom a frekventovanejším používaním elektronickej pošty a mobilných telefónov, sú tu aj chyby, ktoré sú prítomné neustále, a ktoré sa týkajú rôznych aspektov bežného života.
Gespeichert in:
| 1. Verfasser: | |
|---|---|
| Format: | Buchkapitel |
| Sprache: | Italienisch |
| Schlagworte: | |
| Tags: |
Keine Tags, Fügen Sie das erste Tag hinzu!
|
MARC
| LEADER | 00000nla$a2200000$$$4500 | ||
|---|---|---|---|
| 001 | 0136999 | ||
| 005 | 20240502072532.5 | ||
| 041 | 0 | |a ita | |
| 044 | |a SK | ||
| 245 | 1 | 0 | |a La lingua italiana e gli errori piú comuni nell´uso parlato e scritto |c Tiziano Vita |
| 520 | |a Problém správneho používania talianskeho jazyka. Problém nie je vyvolaný len technologickým progresom a frekventovanejším používaním elektronickej pošty a mobilných telefónov, sú tu aj chyby, ktoré sú prítomné neustále, a ktoré sa týkajú rôznych aspektov bežného života. | ||
| 610 | 2 | 0 | |a jazyky cudzie |
| 610 | 2 | 0 | |a taliančina |
| 610 | 2 | 0 | |a komunikácia verbálna |
| 100 | 1 | |a Vita, Tiziano | |